LIBRARY & INFORMATION CENTRE, KCAET, TAVANUR

ONLINE PUBLIC ACCESS CATALOGUE (OPAC)

Rainfall - runoff modelling in the Bharathapuzha river basin (Record no. 15233)

MARC details
000 -LEADER
fixed length control field 00702nam a22002057a 4500
003 - CONTROL NUMBER IDENTIFIER
control field OSt
088 ## - REPORT NUMBER
Report number P 95
100 ## - MAIN ENTRY--AUTHOR NAME
Personal name AJI R
245 ## - TITLE STATEMENT
Title Rainfall - runoff modelling in the Bharathapuzha river basin
260 ## - PUBLICATION, DISTRIBUTION, ETC. (IMPRINT)
Place of publication Tavanur 1999
Name of publisher Department of Irrigation and Drainage Engineering
300 ## - PHYSICAL DESCRIPTION
Number of Pages 45
500 ## - GENERAL NOTE
General note Rainfall - runoff modelling in the Bharathapuzha river basin
520 ## - SUMMARY, ETC.
Summary, etc Rainfall - runoff modelling in the Bharathapuzha river basin
700 ## - ADDED ENTRY--PERSONAL NAME
Personal name Jayakrishnan B. V
700 ## - ADDED ENTRY--PERSONAL NAME
Personal name Najash Babu K
700 ## - ADDED ENTRY--PERSONAL NAME
Personal name Er. Vishnu B (Guide)
856 ## - ELECTRONIC LOCATION AND ACCESS
Uniform Resource Identifier https://drive.google.com/open?id=1DVCmEcI9VEgPvQfXPDfwhuPzX5i-AlQm
942 ## - ADDED ENTRY ELEMENTS (KOHA)
Koha item type Project Report
Holdings
Collection code Home library Current library Shelving location Full call number Accession Number Koha item type
Reference KAUAET KAUAET Reference 631.587 AJI/RA P 95 Project Report
free website counter